| 000 | nam a22 7a 4500 | ||
|---|---|---|---|
| 999 |
_c128643 _d128643 |
||
| 008 | 181123b xxu||||| |||| 00| 0 eng d | ||
| 050 | _aNC773.R894 | ||
| 100 |
_aRubbra, Benedict _943630 |
||
| 245 |
_aDraw potraits _c/by Benedict Rubbra |
||
| 260 |
_aLondon: _bA & C Black, _c1995 |
||
| 300 |
_a47p.; _c28cm. |
||
| 650 |
_aDrawing _xPotraits _943631 |
||
| 942 |
_2lcc _cMONOGRAPH |
||